| 000 | 00648nam a2200193 a 4500 | ||
|---|---|---|---|
| 005 | 20230809063533.0 | ||
| 008 | 031106s2000 mx r 000 0 spa d | ||
| 020 | _a9707010177 | ||
| 035 | _aUPN01000130771 | ||
| 049 | _aCG | ||
| 050 | 4 |
_aE184 M5 _bD8.3 |
|
| 100 | 1 | _aDurand Ponte, Víctor Manuel | |
| 245 | 1 | 0 |
_aEtnia y cultura política : _blos mexicanos en Estados Unidos / _cVíctor Manuel Durand Ponte. |
| 260 |
_aMéxico : _bUNAM, Centro Regional de Investigaciones Multidisciplinarias : _bM. A. Porrúa, _c2000. |
||
| 300 | _a121 p. | ||
| 650 | 4 |
_aMexicanos en los Estados Unidos _94447 |
|
| 650 | 4 | _aMEXICANO-AMERICANOS | |
| 905 | _aLibro | ||
| 999 |
_c102928 _d102928 |
||